Sieger in der Formel 1 seit 2000 - Statistiken

Allgemein
  • Dieses Quiz wurde 149 mal gespielt
    12 seit der letzten Aktualisierung
  • Das Durchschnittsergebnis liegt bei 25 aus 31
Antwortstatistiken
Siege Fahrer Saisons % Korrekt
5 Andrea Kimi Antonelli 2026
100%
32 Fernando Alonso 2003-2013
100%
6 George Russell 2022-2026
100%
21 Kimi Räikkönen 2003-2018
100%
11 Lando Norris 2024-2025
100%
105 Lewis Hamilton 2007-2024
100%
71 Max Verstappen 2016-2025
100%
56 Michael Schumacher 2000-2006
100%
23 Nico Rosberg 2012-2016
100%
9 Oscar Piastri 2024-2025
100%
6 Ralf Schumacher 2001-2003
100%
6 Sergio Perez 2020-2023
100%
4 Carlos Sainz 2022-2025
91%
8 Charles Leclerc 2019-2024
91%
9 Mark Webber 2009-2012
91%
1 Pierre Gasly 2020
91%
53 Sebastian Vettel 2008-2019
91%
10 Valtteri Bottas 2017-2021
91%
1 Esteban Ocon 2021
82%
15 Jenson Button 2006-2012
82%
8 Daniel Ricciardo 2014-2021
73%
11 Felipe Massa 2006-2008
73%
1 Robert Kubica 2008
64%
11 Rubens Barrichello 2000-2009
64%
7 David Coulthard 2000-2003
55%
1 Heikki Kovalainen 2008
55%
6 Mika Häkkinen 2000-2001
55%
3 Giancarlo Fisichella 2003-2006
45%
7 Juan Pablo Montoya 2001-2005
45%
1 Pastor Maldonado 2012
45%
1 Jarno Trulli 2004
36%
Keine übereinstimmenden Quizze gefunden
Verteilung der Resultate
Anzahl Personen mit jedem Resultat
Perzentil nach korrekt beantworteten Fragen
Ihre Resultats-Entwicklung
Sie haben dieses Quiz seit der letzten Aktualisierung nicht gespielt